[Event "EU-ch blitz"]
[Site "Wroclaw"]
[Date "2014.12.19"]
[Round "1"]
[White "Savchenko, Boris"]
[Black "Ziebinski, Bartosz"]
[Result "1-0"]
[WhiteElo "2599"]
[BlackElo "1985"]
[PlyCount "77"]
[EventDate "2014.12.19"]
[EventType "swiss (blitz)"]
[EventRounds "11"]
[EventCountry "POL"]
[SourceTitle "CBM 164 Extra"]
[Source "ChessBase"]
[SourceDate "2015.03.02"]
[SourceVersion "1"]
[SourceVersionDate "2015.03.02"]
[SourceQuality "1"]

1. e4 c5 2. Nf3 d6 3. d4 cxd4 4. Nxd4 Nf6 5. Nc3 a6 6. Bg5 e6 7. f4 Be7 8. Qe2 Qc7 9. 0-0-0 Nbd7 10. g4 b5 11. Bxf6 gxf6 12. Qe3 Nc5 13. Nce2 Bb7 14. Ng3 0-0-0 15. Bg2 Kb8 16. Kb1 Rhg8 17. h3 d5 18. exd5 Bxd5 19. Bf3 Rd7 20. Nge2 Rgd8 21. c3 Qb7 22. Rhf1 Bxf3 23. Rxf3 Ne4 24. Rdf1 Bc5 25. Qc1 b4 26. Nb3 Nd2+ 27. Nxd2 Rxd2 28. Ng3 a5 29. cxb4 Bxb4 30. a3 Bxa3 31. Rxa3 Qb4 32. Rff3 a4 33. Ka2 Rd1 34. Qc6 Qe1 35. Qb6+ Kc8 36. Qc6+ Kb8 37. Rfb3+ axb3+ 38. Rxb3+ Ka7 39. Qb7# 1-0

[Event "Rewal op-A 16th"]
[Site "Rewal"]
[Date "2011.08.22"]
[Round "3"]
[White "Siedlinski, Piotr"]
[Black "Ziebinski, Bartosz"]
[Result "1-0"]
[WhiteElo "2078"]
[BlackElo "2003"]
[PlyCount "59"]
[EventDate "2011.08.19"]
[EventType "swiss"]
[EventRounds "9"]
[EventCountry "POL"]
[SourceTitle "CBM 144 Extra"]
[Source "ChessBase"]
[SourceDate "2011.10.28"]
[SourceVersion "1"]
[SourceVersionDate "2011.10.28"]
[SourceQuality "1"]

1. e4 c5 2. Nf3 d6 3. d4 cxd4 4. Qxd4 a6 5. c4 Nc6 6. Qd1 g6 7. Nc3 Bg7 8. Be3 Nf6 9. h3 0-0 10. Be2 Nd7 11. 0-0 Nc5 12. Nd2 f5 13. exf5 gxf5 14. f4 Nd4 15. Nf3 Nxe2+ 16. Qxe2 b6 17. Rad1 Bb7 18. Bd4 Qc7 19. Bxg7 Kxg7 20. b4 Ne4 21. Nxe4 fxe4 22. Ng5 Rf6 23. f5 Qc6 24. Rd4 Rg8 25. Rxe4 Kh8 26. h4 h6 27. Rxe7 Rgf8 28. Rf2 b5 29. Rh7+ Kg8 30. Qe7 1-0

[Event "POL-ch U18"]
[Site "Murzasichle"]
[Date "2011.03.11"]
[Round "8"]
[White "Bednarczyk, Sylwester"]
[Black "Ziebinski, Bartosz"]
[Result "0-1"]
[WhiteElo "1506"]
[BlackElo "1968"]
[PlyCount "65"]
[EventDate "2011.03.05"]
[EventType "swiss"]
[EventRounds "9"]
[EventCountry "POL"]
[SourceTitle "EXT 2012"]
[Source "ChessBase"]
[SourceDate "2011.11.24"]
[SourceVersion "1"]
[SourceVersionDate "2011.11.24"]
[SourceQuality "1"]

1. e4 c5 2. Nf3 d6 3. d4 cxd4 4. Nxd4 Nf6 5. Nc3 a6 6. Bc4 e6 7. Be3 b5 8. Bd3 Bb7 9. a3 Nbd7 10. f4 Be7 11. Qf3 Qc7 12. g4 Nc5 13. g5 Nfd7 14. Be2 Nb6 15. f5 e5 16. Nb3 0-0-0 17. Qg4 Kb8 18. 0-0 h6 19. g6 Bg5 20. Bf2 fxg6 21. fxg6 Bf4 22. Qg2 h5 23. Bh4 Rde8 24. Bf3 Rh6 25. Kh1 Ne6 26. Ne2 Nc4 27. Nxf4 Nxf4 28. Qf2 Nxg6 29. Bg5 Rhh8 30. Qe2 Nf4 31. Bxf4 exf4 32. Bxh5 Rxe4 33. Qg4 0-1

[Event "POL-ch U18"]
[Site "Murzasichle"]
[Date "2011.03.09"]
[Round "6"]
[White "Mondrzycki, Bartlomiej"]
[Black "Ziebinski, Bartosz"]
[Result "1-0"]
[WhiteElo "2044"]
[BlackElo "1968"]
[PlyCount "151"]
[EventDate "2011.03.05"]
[EventType "swiss"]
[EventRounds "9"]
[EventCountry "POL"]
[SourceTitle "EXT 2012"]
[Source "ChessBase"]
[SourceDate "2011.11.24"]
[SourceVersion "1"]
[SourceVersionDate "2011.11.24"]
[SourceQuality "1"]

1. d4 Nf6 2. c4 g6 3. Nc3 Bg7 4. e4 d6 5. Nf3 0-0 6. Be2 Nbd7 7. 0-0 e5 8. Qc2 c6 9. Rd1 Re8 10. d5 c5 11. Bg5 h6 12. Bd2 Rf8 13. a3 Ne8 14. g3 Kh7 15. Nh4 Bf6 16. Nf3 Bg5 17. Nxg5+ hxg5 18. Kg2 Kg7 19. Qc1 f6 20. h4 gxh4 21. Bh6+ Kf7 22. Bxf8 Nxf8 23. gxh4 f5 24. exf5 Bxf5 25. Rh1 Nf6 26. Qe3 Qe7 27. Rag1 N8d7 28. Kf1 e4 29. Qg5 Ne5 30. h5 Rg8 31. hxg6+ Bxg6 32. Rh6 a6 33. Bh5 Nxh5 34. Rxh5 Qxg5 35. Rhxg5 Nf3 36. Rxg6 Rxg6 37. Rxg6 Kxg6 38. Nxe4 Kf5 39. Nxd6+ Ke5 40. Nxb7 Nd2+ 41. Ke2 Nxc4 42. d6 Ke6 43. f4 Kd7 44. f5 Kc6 45. Nxc5 Nxd6 46. Nxa6 Nxf5 47. Kd3 Kb5 48. Nb4 Ka4 49. Kc3 Nd6 50. Nc2 Ne4+ 51. Kd3 Nd6 52. Nd4 Nb7 53. Kc4 Na5+ 54. Kc3 Nb7 55. Ne6 Nd6 56. Nc5+ Kb5 57. b4 Nc8 58. a4+ Kc6 59. Kd4 Nd6 60. Ne4 Nb7 61. Kc4 Kb6 62. Kd5 Nd8 63. Nd6 Nc6 64. Nc4+ Kb7 65. Kc5 Nb8 66. b5 Nd7+ 67. Kd6 Nf6 68. a5 Ne4+ 69. Kd5 Nc3+ 70. Kc5 Ne4+ 71. Kb4 Nf6 72. a6+ Ka7 73. Ka5 Nd5 74. b6+ Ka8 75. Ne5 Ne7 76. Kb5 1-0

[Event "Rewal op-B 15th"]
[Site "Rewal"]
[Date "2010.08.24"]
[Round "5"]
[White "Slabek, Grzegorz"]
[Black "Ziebinski, Bartosz"]
[Result "0-1"]
[WhiteElo "2065"]
[BlackElo "1955"]
[PlyCount "92"]
[EventDate "2010.08.18"]
[EventType "swiss"]
[EventRounds "9"]
[EventCountry "POL"]
[SourceTitle "EXT 2014"]
[Source "ChessBase"]
[SourceDate "2013.11.20"]
[SourceVersion "1"]
[SourceVersionDate "2013.11.20"]
[SourceQuality "1"]

1. d4 Nf6 2. Nf3 g6 3. b4 Bg7 4. Bb2 0-0 5. e3 b6 6. Be2 c5 7. b5 d5 8. 0-0 Nbd7 9. c4 Bb7 10. Nbd2 cxd4 11. Nxd4 Nc5 12. a4 a5 13. N4b3 Rc8 14. Nxc5 Rxc5 15. Bd4 Rc8 16. Rc1 Qd6 17. cxd5 Bxd5 18. Nc4 Bxc4 19. Bxc4 Ne4 20. Qg4 Nc5 21. Rfd1 Bxd4 22. exd4 Nd7 23. h4 Kg7 24. Be2 Rxc1 25. Rxc1 Nf6 26. Qg5 Qxd4 27. h5 h6 28. Qe3 Qxe3 29. fxe3 Rd8 30. hxg6 Kxg6 31. Rc7 Rd7 32. Rc6 Rd6 33. Rc7 Nd5 34. Rb7 Kf6 35. Bf3 Nxe3 36. Kf2 Nc4 37. Bc6 Rd4 38. Ke2 Ke6 39. Kf1 f5 40. g3 Kf6 41. Bf3 Rd6 42. Bc6 e5 43. Ke2 e4 44. g4 fxg4 45. Bxe4 h5 46. Rc7 Ne5 0-1

[Event "Rewal op-B 15th"]
[Site "Rewal"]
[Date "2010.08.23"]
[Round "4"]
[White "Ziebinski, Bartosz"]
[Black "Czornik, Janusz"]
[Result "1-0"]
[WhiteElo "1955"]
[BlackElo "1853"]
[PlyCount "77"]
[EventDate "2010.08.18"]
[EventType "swiss"]
[EventRounds "9"]
[EventCountry "POL"]
[SourceTitle "EXT 2014"]
[Source "ChessBase"]
[SourceDate "2013.11.20"]
[SourceVersion "1"]
[SourceVersionDate "2013.11.20"]
[SourceQuality "1"]

1. e4 e6 2. d4 d5 3. Nd2 c5 4. exd5 Qxd5 5. Ngf3 cxd4 6. Bc4 Qd6 7. 0-0 Nf6 8. Nb3 Nc6 9. Nbxd4 Nxd4 10. Nxd4 a6 11. c3 Qc7 12. Qe2 Bd6 13. h3 0-0 14. Bg5 Bf4 15. Bxf4 Qxf4 16. Qf3 Qxf3 17. Nxf3 b5 18. Bb3 Bb7 19. Nd4 Ne4 20. Rad1 Nc5 21. Bc2 Rfd8 22. f3 h6 23. Kf2 g6 24. Nb3 Nxb3 25. Bxb3 a5 26. a4 b4 27. cxb4 axb4 28. Rxd8+ Rxd8 29. Rd1 Rxd1 30. Bxd1 e5 31. Ke3 f6 32. Bb3+ Kf8 33. Kd3 Ke7 34. Kc4 Ba6+ 35. Kc5 Bf1 36. a5 Kd7 37. Kb6 Kd6 38. a6 Bxg2 39. Bd1 1-0

[Event "Rewal op-B 15th"]
[Site "Rewal"]
[Date "2010.08.21"]
[Round "3"]
[White "Gorol, Jacek"]
[Black "Ziebinski, Bartosz"]
[Result "1/2-1/2"]
[WhiteElo "1692"]
[BlackElo "1955"]
[PlyCount "81"]
[EventDate "2010.08.18"]
[EventType "swiss"]
[EventRounds "9"]
[EventCountry "POL"]
[SourceTitle "EXT 2014"]
[Source "ChessBase"]
[SourceDate "2013.11.20"]
[SourceVersion "1"]
[SourceVersionDate "2013.11.20"]
[SourceQuality "1"]

1. c4 e5 2. Nc3 Nc6 3. g3 g6 4. Bg2 Bg7 5. e3 d6 6. Nge2 Be6 7. d3 Qd7 8. h4 h6 9. Qa4 Nd8 10. Qb3 c6 11. d4 exd4 12. exd4 Bf5 13. Be3 Nf6 14. Rd1 0-0 15. 0-0 Bh3 16. Nf4 Bxg2 17. Kxg2 Ne6 18. f3 Rfd8 19. Nxe6 fxe6 20. Qc2 Qf7 21. Ne4 Ne8 22. Qc1 d5 23. Nf2 h5 24. Bg5 Rdc8 25. g4 c5 26. dxc5 Rxc5 27. b3 Nd6 28. Nd3 Rc6 29. c5 Nb5 30. Nb4 Rcc8 31. Nd3 Nc3 32. Rd2 d4 33. Qe1 Qe8 34. Bf4 hxg4 35. fxg4 Qc6+ 36. Kh3 Qd5 37. Bd6 Qe4 38. Qxe4 Nxe4 39. Re2 Nxd6 40. cxd6 Rc3 41. Rf3 1/2-1/2

[Event "POL-chT U19 2nd League"]
[Site "Chelm Lubelski"]
[Date "2010.07.13"]
[Round "10"]
[White "Ziebinski, Bartosz"]
[Black "Kielbasa, Dominik"]
[Result "1-0"]
[WhiteElo "1954"]
[BlackElo "1352"]
[PlyCount "60"]
[EventDate "2010.07.06"]
[EventType "team-tourn"]
[EventRounds "11"]
[EventCountry "POL"]
[SourceTitle "EXT 2011"]
[Source "ChessBase"]
[SourceDate "2010.11.26"]
[SourceVersion "1"]
[SourceVersionDate "2010.11.26"]
[SourceQuality "1"]
[WhiteTeam "Czestochowa UKS Hetman U19"]
[BlackTeam "Lesniowice U19"]
[WhiteTeamCountry "POL"]
[BlackTeamCountry "POL"]

1. e4 e5 2. Nf3 Nc6 3. Bc4 Bc5 4. c3 Nf6 5. d4 exd4 6. e5 d5 7. Bb5 Ne4 8. cxd4 Bb4+ 9. Bd2 Bxd2+ 10. Nbxd2 Bd7 11. Bxc6 bxc6 12. 0-0 Bg4 13. Qc2 Qd7 14. Nxe4 Bxf3 15. Ng3 Bg4 16. f3 Be6 17. Qc5 Rb8 18. f4 Qe7 19. Qxc6+ Qd7 20. Qc2 Qe7 21. f5 Bc8 22. f6 gxf6 23. Rxf6 Rb7 24. Nf5 Bxf5 25. Qc6+ Bd7 26. Qxb7 Rg8 27. Qxd5 Rg6 28. Qa8+ Qd8 29. Qxd8+ Kxd8 30. Rxg6 hxg6 1-0

[Event "POL-chT U19 2nd League"]
[Site "Chelm Lubelski"]
[Date "2010.07.12"]
[Round "9"]
[White "Ziebinski, Bartosz"]
[Black "Koziej, Maciej"]
[Result "0-1"]
[WhiteElo "1954"]
[BlackElo "2025"]
[PlyCount "82"]
[EventDate "2010.07.06"]
[EventType "team-tourn"]
[EventRounds "11"]
[EventCountry "POL"]
[SourceTitle "EXT 2011"]
[Source "ChessBase"]
[SourceDate "2010.11.26"]
[SourceVersion "1"]
[SourceVersionDate "2010.11.26"]
[SourceQuality "1"]
[WhiteTeam "Czestochowa UKS Hetman U19"]
[BlackTeam "Kielce KMKSz Victoria U19"]
[WhiteTeamCountry "POL"]
[BlackTeamCountry "POL"]

1. e4 e5 2. Nf3 d6 3. d4 exd4 4. Nxd4 g6 5. Nc3 Bg7 6. Be3 Nf6 7. f3 0-0 8. Qd2 d5 9. exd5 Nxd5 10. Nxd5 Qxd5 11. c4 Qe5 12. f4 Qe7 13. 0-0-0 c5 14. Nb3 b6 15. Be2 a5 16. Bf3 Ra7 17. a3 Be6 18. Qf2 Bxc4 19. Nd2 Be6 20. g4 c4 21. Bd4 c3 22. Ne4 cxb2+ 23. Kxb2 f5 24. Ng5 Rd7 25. Rhe1 Rf6 26. Kb1 Qxa3 27. Nxe6 Rxe6 28. Rxe6 Bxd4 29. Qa2 Qb4+ 30. Kc1 Qc3+ 31. Kb1 Kg7 32. Bd5 Rxd5 33. Re7+ Kf8 34. Rb7 Qb4+ 35. Kc1 Be3+ 36. Kc2 Qe4+ 37. Kb3 a4+ 38. Ka3 Bc5+ 39. Kb2 Qe2+ 40. Kc3 Qxa2 41. Rxb8+ Kg7 0-1

[Event "POL-chT U19 2nd League"]
[Site "Chelm Lubelski"]
[Date "2010.07.10"]
[Round "6"]
[White "Ziebinski, Bartosz"]
[Black "Antoniewicz, Jakub"]
[Result "1-0"]
[WhiteElo "1954"]
[BlackElo "1776"]
[PlyCount "51"]
[EventDate "2010.07.06"]
[EventType "team-tourn"]
[EventRounds "11"]
[EventCountry "POL"]
[SourceTitle "EXT 2011"]
[Source "ChessBase"]
[SourceDate "2010.11.26"]
[SourceVersion "1"]
[SourceVersionDate "2010.11.26"]
[SourceQuality "1"]
[WhiteTeam "Czestochowa UKS Hetman U19"]
[BlackTeam "Wroclaw MUKS MDK Fabryczna U19"]
[WhiteTeamCountry "POL"]
[BlackTeamCountry "POL"]

1. e4 c5 2. Nc3 d6 3. g3 g6 4. Bg2 Bg7 5. d3 e5 6. Be3 Ne7 7. Qd2 0-0 8. Bh6 Nbc6 9. h4 f5 10. h5 f4 11. hxg6 Nxg6 12. Bxg7 Kxg7 13. 0-0-0 Rb8 14. Bh3 b5 15. Bxc8 Qxc8 16. Nge2 Kg8 17. gxf4 exf4 18. Nd5 Qa6 19. Kb1 Qa5 20. Qc1 f3 21. Nef4 Rb7 22. Nxg6 hxg6 23. Qg5 Rg7 24. Nf6+ Rxf6 25. Qxf6 Nd4 26. Rh8+ 1-0

[Event "Gora Sw Anny op 3rd"]
[Site "Gora Sw Anny"]
[Date "2010.02.11"]
[Round "6"]
[White "Czyz, Artur"]
[Black "Ziebinski, Bartosz"]
[Result "0-1"]
[WhiteElo "2070"]
[BlackElo "1983"]
[PlyCount "130"]
[EventDate "2010.02.08"]
[EventType "swiss"]
[EventRounds "9"]
[EventCountry "POL"]
[SourceTitle "CBM 135 Extra"]
[Source "ChessBase"]
[SourceDate "2010.05.04"]
[SourceVersion "1"]
[SourceVersionDate "2010.05.04"]
[SourceQuality "1"]

1. e4 c5 2. Nf3 d6 3. d4 cxd4 4. Nxd4 Nf6 5. Nc3 a6 6. Bc4 e6 7. Be3 b5 8. Bb3 Be7 9. f4 0-0 10. e5 dxe5 11. fxe5 Nd5 12. Nxd5 exd5 13. Qf3 Be6 14. 0-0 Bc5 15. c3 Nd7 16. Qg3 Qc7 17. Bf4 b4 18. Rae1 bxc3 19. bxc3 Kh8 20. Kh1 Nb6 21. Qh4 Be7 22. Qg3 Rac8 23. Rf3 Qd8 24. Nxe6 fxe6 25. Qh3 g5 26. Bc2 Rf7 27. Bxg5 Qg8 28. Rxf7 Qxf7 29. Bxe7 Qxe7 30. Qd3 Nc4 31. h3 Rf8 32. Rf1 Rxf1+ 33. Qxf1 Ne3 34. Qd3 Nxc2 35. Qxc2 Qg5 36. Qf2 Kg8 37. Qd4 Kf8 38. Kh2 Qf5 39. Qe3 Ke8 40. a4 a5 41. Qd4 h5 42. h4 Qc2 43. Qb6 Qf5 44. Qe3 Qg4 45. Qg5 Qxa4 46. Qxh5+ Kd8 47. Qg5+ Ke8 48. Qg8+ Ke7 49. Qg5+ Ke8 50. h5 Qe4 51. h6 a4 52. Kh3 Qh7 53. Qf6 Qf7 54. Kg4 a3 55. h7 Qxh7 56. Qxe6+ Qe7 57. Qc8+ Kf7 58. Qa8 Ke6 59. Qa6+ Kxe5 60. Qe2+ Kd6 61. Qa6+ Kd7 62. Qb5+ Ke6 63. Qb3 Qa7 64. Qa2 Qc5 65. Qf2 Qxf2 0-1

[Event "Polanica Zdroj op-B 45th"]
[Site "Polanica Zdroj"]
[Date "2009.08.27"]
[Round "10"]
[White "Szusterowski, Radoslaw"]
[Black "Ziebinski, Bartosz"]
[Result "1/2-1/2"]
[WhiteElo "1969"]
[BlackElo "2045"]
[PlyCount "101"]
[EventDate "2009.08.18"]
[EventType "swiss"]
[EventRounds "10"]
[EventCountry "POL"]
[SourceTitle "CBM 131 Extra"]
[Source "ChessBase"]
[SourceDate "2009.09.03"]
[SourceVersion "2"]
[SourceVersionDate "2009.09.16"]
[SourceQuality "1"]

1. d4 Nf6 2. c4 g6 3. Nc3 Bg7 4. e4 d6 5. Nf3 0-0 6. Be2 Nbd7 7. 0-0 e5 8. Be3 h6 9. h3 c6 10. Qd2 Kh7 11. Rfd1 Qe7 12. dxe5 dxe5 13. Qc2 Ne8 14. g4 Nc7 15. Rd2 Ne6 16. Rad1 Bf6 17. b4 Rh8 18. Rd6 Nd4 19. Nxd4 Qxd6 20. Nf5 Qf8 21. Nxh6 Bg7 22. g5 Bxh6 23. gxh6 Qxb4 24. Qd2 Qe7 25. Na4 b6 26. Qd6 Qxd6 27. Rxd6 Nf8 28. Rxc6 Bxh3 29. Rc7 Be6 30. Nc3 Kg8 31. Nb5 Nd7 32. Nxa7 Kh7 33. a3 g5 34. Bh5 Rhf8 35. Bd2 Kxh6 36. Be2 f6 37. Bb4 Nc5 38. Nb5 Rfc8 39. Re7 Re8 40. Nc7 Rxe7 41. Nxa8 Rb7 42. Nxb6 Rxb6 43. Bxc5 Rc6 44. Bf8+ Kg6 45. c5 Rc8 46. Bd6 Ra8 47. c6 Kf7 48. Bb5 Bc8 49. Bc4+ Be6 50. Bb5 Bc8 51. Bc4+ 1/2-1/2

[Event "Polanica Zdroj op-B 45th"]
[Site "Polanica Zdroj"]
[Date "2009.08.19"]
[Round "2"]
[White "Ziebinski, Bartosz"]
[Black "Zajaczkowski, Gwidon"]
[Result "1-0"]
[WhiteElo "2045"]
[BlackElo "1739"]
[PlyCount "53"]
[EventDate "2009.08.18"]
[EventType "swiss"]
[EventRounds "10"]
[EventCountry "POL"]
[SourceTitle "CBM 131 Extra"]
[Source "ChessBase"]
[SourceDate "2009.09.03"]
[SourceVersion "2"]
[SourceVersionDate "2009.09.16"]
[SourceQuality "1"]

1. e4 c5 2. Nc3 Nc6 3. g3 Nf6 4. Bg2 d6 5. d3 g6 6. f4 Bg7 7. Nf3 0-0 8. 0-0 a6 9. h3 b5 10. g4 h5 11. e5 Nxg4 12. hxg4 Bxg4 13. Qe1 d5 14. Nh2 Be6 15. Qf2 Nd4 16. Be3 b4 17. Bxd4 cxd4 18. Ne2 Rc8 19. Nxd4 Qc7 20. a3 a5 21. axb4 axb4 22. Ra6 g5 23. Rxe6 fxe6 24. Nxe6 Rxf4 25. Nxc7 Rxf2 26. Bxd5+ Kh8 27. Rxf2 1-0

[Event "Gdansk op"]
[Site "Gdansk"]
[Date "2009.07.21"]
[Round "5"]
[White "Ziebinski, Bartosz"]
[Black "Mazalon, Mariusz"]
[Result "1/2-1/2"]
[WhiteElo "2045"]
[BlackElo "2167"]
[PlyCount "26"]
[EventDate "2009.07.19"]
[EventType "swiss"]
[EventRounds "9"]
[EventCountry "POL"]
[SourceTitle "CBM 131 Extra"]
[Source "ChessBase"]
[SourceDate "2009.09.03"]
[SourceVersion "2"]
[SourceVersionDate "2009.09.16"]
[SourceQuality "1"]

1. e4 g6 2. d4 Bg7 3. Nc3 c6 4. Nf3 d6 5. h3 Nd7 6. Be3 Qc7 7. a4 e5 8. Bc4 Ngf6 9. 0-0 0-0 10. Bb3 h6 11. Qe2 Re8 12. dxe5 Nxe5 13. Nd2 Be6 1/2-1/2

[Event "Gdansk op"]
[Site "Gdansk"]
[Date "2009.07.20"]
[Round "2"]
[White "Zolnierowicz, Krzysztof"]
[Black "Ziebinski, Bartosz"]
[Result "1-0"]
[WhiteElo "2230"]
[BlackElo "2045"]
[PlyCount "95"]
[EventDate "2009.07.19"]
[EventType "swiss"]
[EventRounds "9"]
[EventCountry "POL"]
[SourceTitle "CBM 131 Extra"]
[Source "ChessBase"]
[SourceDate "2009.09.03"]
[SourceVersion "2"]
[SourceVersionDate "2009.09.16"]
[SourceQuality "1"]

1. Nf3 Nf6 2. g3 g6 3. Bg2 Bg7 4. 0-0 0-0 5. Re1 c5 6. e4 d6 7. c3 Nc6 8. h3 e5 9. d4 cxd4 10. cxd4 Nd7 11. Be3 h6 12. Nc3 f5 13. Qe2 Kh7 14. Rad1 Qf6 15. dxe5 dxe5 16. Nd5 Qf7 17. Qc2 Nf6 18. exf5 gxf5 19. Nh2 Nxd5 20. Bxd5 Nb4 21. Qxc8 Nxd5 22. Qc5 Nxe3 23. Rxe3 b6 24. Qd5 Qg6 25. Rc3 Rac8 26. Rxc8 Rxc8 27. Nf3 Re8 28. Qd7 Re6 29. Nh4 Qf6 30. Qxa7 e4 31. Rd7 Re5 32. Rf7 Qg5 33. Kh2 Rd5 34. Qb7 Rd2 35. Rxf5 Qe3 36. Qf7 Qd4 37. Rf4 Qxb2 38. Qf5+ Kg8 39. Qe6+ Kh8 40. Qe8+ Kh7 41. Qxe4+ Kg8 42. Qe6+ Kh7 43. Kg2 Qxa2 44. Qg6+ Kh8 45. Nf5 Qd5+ 46. Kh2 Qb7 47. Nxh6 Rd8 48. Rf7 1-0

[Event "POL-chT U19 1st League"]
[Site "Chotowa"]
[Date "2009.07.??"]
[Round "5"]
[White "Lis, Marek"]
[Black "Ziebinski, Bartosz"]
[Result "1-0"]
[WhiteElo "2079"]
[BlackElo "2045"]
[PlyCount "60"]
[EventDate "2009.07.06"]
[EventType "team-tourn"]
[EventRounds "9"]
[EventCountry "POL"]
[SourceTitle "EXT 2012"]
[Source "ChessBase"]
[SourceDate "2011.11.24"]
[SourceVersion "1"]
[SourceVersionDate "2011.11.24"]
[SourceQuality "1"]
[WhiteTeam "Czarna LKSz GCKiP U19"]
[BlackTeam "Czestochowa UKS Hetman U19"]
[WhiteTeamCountry "POL"]
[BlackTeamCountry "POL"]

1. e4 e5 2. Nc3 Nf6 3. Bc4 Nxe4 4. Qh5 Nd6 5. Bb3 Nc6 6. Nb5 g6 7. Qf3 Qe7 8. Nxc7+ Kd8 9. Nxa8 b6 10. Nxb6 axb6 11. Ne2 Bb7 12. Qe3 Kc7 13. h4 f5 14. d3 Bg7 15. c3 f4 16. Qh3 Rf8 17. f3 h5 18. Bd2 Bf6 19. 0-0-0 Nf5 20. d4 Bxh4 21. dxe5 g5 22. Be1 Bxe1 23. Rhxe1 Ne3 24. Rd2 Nxe5 25. Nd4 Ba6 26. Bc2 Nxc2 27. Nxc2 d6 28. Nb4 Bb7 29. Qxh5 Qf6 30. Qh7+ Rf7 1-0

[Event "POL-chT U19 1st League"]
[Site "Chotowa"]
[Date "2009.07.??"]
[Round "7"]
[White "Szumilas, Piotr"]
[Black "Ziebinski, Bartosz"]
[Result "1/2-1/2"]
[WhiteElo "2127"]
[BlackElo "2045"]
[PlyCount "76"]
[EventDate "2009.07.06"]
[EventType "team-tourn"]
[EventRounds "9"]
[EventCountry "POL"]
[SourceTitle "EXT 2012"]
[Source "ChessBase"]
[SourceDate "2011.11.24"]
[SourceVersion "1"]
[SourceVersionDate "2011.11.24"]
[SourceQuality "1"]
[WhiteTeam "Legnica Miedz U19"]
[BlackTeam "Czestochowa UKS Hetman U19"]
[WhiteTeamCountry "POL"]
[BlackTeamCountry "POL"]

1. e4 e5 2. Nc3 Nf6 3. g3 Bc5 4. Bg2 Nc6 5. Nge2 d6 6. h3 Be6 7. 0-0 h5 8. Nd5 Qd7 9. Kh2 0-0-0 10. c3 Bxd5 11. exd5 Ne7 12. b4 Bb6 13. a4 a5 14. bxa5 Bxa5 15. c4 Nf5 16. Qb3 b6 17. Ba3 Rde8 18. Bb4 Bxb4 19. Qxb4 Kd8 20. a5 bxa5 21. Rxa5 Ke7 22. Ra7 Rb8 23. Qa5 Rhc8 24. Rc1 Ne8 25. Qc3 Kf8 26. d4 exd4 27. Nxd4 Nxd4 28. Qxd4 Qf5 29. c5 Qf6 30. Qxf6 Nxf6 31. Rc2 Ne8 32. cxd6 cxd6 33. Rd2 Ra8 34. Rb7 Rcb8 35. Rd7 Rd8 36. Rb7 Rab8 37. Ra7 Ra8 38. Rb7 Rdb8 1/2-1/2

[Event "POL-ch U16"]
[Site "Chotowa"]
[Date "2009.04.05"]
[Round "11"]
[White "Matuszczyk, Przemyslaw"]
[Black "Ziebinski, Bartosz"]
[Result "1-0"]
[WhiteElo "2035"]
[BlackElo "1959"]
[PlyCount "81"]
[EventDate "2009.03.28"]
[EventType "swiss"]
[EventRounds "11"]
[EventCountry "POL"]
[SourceTitle "EXT 2018"]
[Source "ChessBase"]
[SourceDate "2017.10.13"]
[SourceVersion "1"]
[SourceVersionDate "2017.10.13"]
[SourceQuality "1"]

1. e4 c5 2. Nf3 d6 3. d4 cxd4 4. Nxd4 Nf6 5. Nc3 a6 6. f3 e5 7. Nb3 Be6 8. Be3 Be7 9. Qd2 Nbd7 10. g4 h6 11. 0-0-0 b5 12. h4 Nb6 13. Qf2 Nfd7 14. Nd5 Bxd5 15. exd5 Nc4 16. Bxc4 bxc4 17. Nd2 c3 18. bxc3 Qa5 19. Ne4 Qxa2 20. Qe2 Rc8 21. Qd3 Qc4 22. Kd2 0-0 23. Ra1 f5 24. Qxc4 Rxc4 25. gxf5 Rxf5 26. Kd3 Rc7 27. Rxa6 Rxf3 28. c4 Rf8 29. Nxd6 Nb8 30. Rb6 Nd7 31. Nb5 Nxb6 32. Nxc7 Nxc4 33. Kxc4 Rc8 34. Bb6 Bd6 35. Kb5 Bxc7 36. Bxc7 Rxc7 37. c4 Kf7 38. c5 Rc8 39. c6 e4 40. Re1 Re8 41. c7 1-0